Every City in North Dakota on a Map - Statistics

General Stats
  • This quiz has been taken 509 times
  • The average score is 40 of 355
Answers on the Map
Answers color-coded by a green-red scale on the quiz's map according to % correct below.
 
Answer Stats
City Population % Correct
Bismarck 77,772
95%
Fargo 136,285
94%
Grand Forks 59,845
79%
Minot 47,440
71%
West Fargo 41,027
62%
Williston 28,821
54%
Dickinson 25,695
53%
Jamestown 15,789
51%
Devils Lake 7,314
46%
Mandan 24,788
41%
Wahpeton 8,115
38%
Lincoln 4,502
33%
Valley City 6,580
33%
Casselton 2,486
28%
Medora 160
28%
New Town 2,735
28%
Rugby 2,422
28%
Bottineau 2,194
27%
Pembina 493
27%
Watford City 6,207
27%
Carrington 2,019
25%
Grafton 4,027
25%
Horace 6,286
25%
Bowman 1,416
24%
Beach 993
23%
Beulah 3,047
23%
Stanley 2,214
22%
Lakota 687
21%
Mayville 1,820
21%
Steele 655
21%
Cavalier 1,220
20%
Langdon 1,841
20%
Mapleton 1,476
20%
New Salem 1,068
20%
Crosby 1,034
19%
Fort Yates 172
19%
Harvey 1,564
19%
Hettinger 1,058
19%
Hillsboro 1,661
19%
Kindred 1,030
19%
Velva 1,054
19%
Cando 1,061
18%
Garrison 1,465
18%
Lisbon 2,175
18%
Thompson 1,091
18%
Hazen 2,288
17%
Larimore 1,239
17%
Linton 1,040
17%
Oakes 1,777
17%
Ray 756
17%
Tioga 2,177
17%
Washburn 1,275
17%
Ellendale 1,139
16%
Hankinson 924
16%
New Rockford 1,334
16%
Towner 454
16%
Burlington 1,334
15%
Enderlin 851
15%
Finley 391
15%
LaMoure 742
15%
Minto 608
15%
New England 692
15%
Park River 1,369
15%
Surrey 1,434
15%
Tower City 276
15%
Ashley 601
14%
Cooperstown 960
14%
Killdeer 912
14%
Max 325
14%
McClusky 315
14%
Medina 264
14%
Minnewaukan 188
14%
Mott 633
14%
Munich 186
14%
Napoleon 746
14%
Northwood 950
14%
Portland 582
14%
Rolla 1,157
14%
Wilton 714
14%
Adams 122
13%
Amidon 22
13%
Anamoose 216
13%
Belfield 992
13%
Buffalo 189
13%
Center 582
13%
Drake 278
13%
Drayton 722
13%
Glen Ullin 705
13%
Harwood 839
13%
Kenmare 919
13%
Leeds 424
13%
Lidgerwood 586
13%
Michigan City 260
13%
Rolette 460
13%
Strasburg 360
13%
Walhalla 867
13%
Zap 226
13%
Bowbells 286
12%
Buxton 353
12%
Dunseith 605
12%
Edgeley 573
12%
Fessenden 447
12%
Gwinner 893
12%
Wishek 830
12%
Argusville 477
11%
Ayr 12
11%
Berlin 32
11%
Carson 245
11%
Columbus 132
11%
Elgin 524
11%
Emerado 450
11%
Manvel 366
11%
Mohall 718
11%
Oriska 113
11%
Parshall 908
11%
Pick City 132
11%
Reile's Acres 866
11%
Stanton 363
11%
Wing 139
11%
Abercrombie 257
10%
Alexander 317
10%
Alice 44
10%
Arthur 325
10%
Bisbee 102
10%
Cleveland 71
10%
Davenport 252
10%
Flasher 230
10%
Forman 490
10%
Fort Ransom 100
10%
Gackle 284
10%
Gardner 125
10%
Golden Valley 188
10%
Grandin 195
10%
Hatton 716
10%
Hebron 788
10%
Hope 276
10%
Hunter 330
10%
Kulm 363
10%
Marion 124
10%
Oxbow 375
10%
Page 188
10%
Portal 120
10%
Prairie Rose 54
10%
Regent 164
10%
Reynolds 273
10%
Richardton 687
10%
Riverdale 222
10%
Turtle Lake 532
10%
Wimbledon 179
10%
Dawson 75
9%
Fairmount 331
9%
Frontier 196
9%
Hazelton 217
9%
Leonard 245
9%
Maddock 386
9%
McVille 387
9%
Mooreton 178
9%
Petersburg 159
9%
Sharon 87
9%
Sykeston 99
9%
Tappen 213
9%
Tolna 133
9%
Wyndmere 439
9%
Briarwood 54
8%
Christine 149
8%
Colfax 209
8%
Crystal 111
8%
Dodge 83
8%
Edmore 137
8%
Egeland 32
8%
Fordville 201
8%
Fortuna 30
8%
Galesburg 113
8%
Halliday 233
8%
Hamilton 42
8%
Litchville 167
8%
Marmarth 94
8%
McHenry 63
8%
Mercer 126
8%
Milnor 602
8%
Mountain 81
8%
Neche 333
8%
Niagara 42
8%
Pekin 75
8%
Rhame 156
8%
Rocklake 89
8%
Sanborn 162
8%
Sawyer 308
8%
Sheldon 92
8%
Sherwood 199
8%
Sheyenne 184
8%
Starkweather 97
8%
Streeter 152
8%
St. Thomas 307
8%
Underwood 771
8%
York 15
8%
Zeeland 81
8%
Barney 45
7%
Berthold 468
7%
Bowdon 136
7%
Butte 72
7%
Clifford 31
7%
Crary 112
7%
Dunn Center 229
7%
Dwight 78
7%
Edinburg 192
7%
Fingal 89
7%
Gilby 242
7%
Glenburn 419
7%
Goodrich 108
7%
Grenora 220
7%
Hoople 242
7%
Hurdsfield 59
7%
Inkster 37
7%
Knox 21
7%
Martin 61
7%
Milton 40
7%
Montpelier 84
7%
Nome 49
7%
North River 56
7%
Perth 6
7%
Pillsbury 12
7%
St. John 310
7%
Taylor 228
7%
Tuttle 58
7%
Verona 62
7%
Warwick 49
7%
Westhope 369
7%
Willow City 148
7%
Wolford 41
7%
Alamo 56
6%
Almont 98
6%
Amenia 87
6%
Aneta 235
6%
Antler 22
6%
Balfour 15
6%
Bathgate 47
6%
Bergen 11
6%
Brocket 32
6%
Buchanan 85
6%
Bucyrus 15
6%
Calvin 13
6%
Carpio 139
6%
Cayuga 39
6%
Coleharbor 62
6%
Dazey 74
6%
Des Lacs 178
6%
Dickey 47
6%
Epping 87
6%
Esmond 88
6%
Glenfield 95
6%
Golva 89
6%
Great Bend 55
6%
Hague 66
6%
Hamberg 12
6%
Hannaford 118
6%
Jud 65
6%
Kensal 150
6%
Lankin 103
6%
Lansford 234
6%
Lehr 78
6%
Lignite 134
6%
Luverne 26
6%
Makoti 146
6%
Mantador 67
6%
Newburg 94
6%
New Leipzig 206
6%
Osnabrock 95
6%
Pingree 43
6%
Pisek 86
6%
Reeder 123
6%
Robinson 33
6%
Rogers 57
6%
Ruso 5
6%
Sarles 21
6%
Scranton 250
6%
Sentinel Butte 70
6%
Sibley 20
6%
Spiritwood Lake 94
6%
Walcott 266
6%
Alsen 30
5%
Ardoch 32
5%
Arnegard 289
5%
Balta 63
5%
Benedict 66
5%
Binford 161
5%
Braddock 16
5%
Brinsmade 27
5%
Cathay 19
5%
Cogswell 69
5%
Courtenay 38
5%
Douglas 91
5%
Forest River 111
5%
Fredonia 35
5%
Fullerton 57
5%
Gladstone 279
5%
Grace City 54
5%
Granville 231
5%
Hampden 30
5%
Hannah 9
5%
Havana 63
5%
Karlsruhe 84
5%
Kathryn 66
5%
Kief 8
5%
Leith 25
5%
Ludden 17
5%
Maxbass 87
5%
Monango 30
5%
Mylo 20
5%
Nekoma 30
5%
Noonan 134
5%
Oberon 93
5%
Pettibone 57
5%
Plaza 206
5%
Powers Lake 376
5%
Regan 33
5%
Rutland 156
5%
Selfridge 121
5%
Solen 67
5%
South Heart 414
5%
Tolley 43
5%
Upham 129
5%
Venturia 20
5%
Voltaire 43
5%
Wales 9
5%
Wildrose 113
5%
Woodworth 45
5%
Ambrose 15
4%
Calio 6
4%
Canton City 32
4%
Conway 14
4%
Deering 92
4%
Donnybrook 73
4%
Fairdale 27
4%
Flaxton 60
4%
Forbes 38
4%
Gascoyne 20
4%
Grano 10
4%
Lawton 15
4%
Leal 25
4%
Loma 9
4%
Loraine 9
4%
Palermo 122
4%
Ross 88
4%
Ryder 104
4%
Souris 39
4%
Elliott 21
3%
Gardena 23
3%
Hansboro 15
3%
Haynes 16
3%
Kramer 24
3%
Landa 38
3%
Overly 11
3%
Springbrook 35
3%
White Earth 94
3%
No matching quizzes found
Score Distribution
Percent of People with Each Score
Percentile by Number Answered
Your Score History
You have not taken this quiz